XXI Bienal de Arquitectura y Urbanismo de Chile
Zapisane w:
| Główni autorzy: | , |
|---|---|
| Format: | Książka |
| Język: | hiszpański |
| Wydane: |
Santiago, Chile.
Fundación Espacio y Desarrollo,
2019
|
| Wydanie: | 1a. ed |
| Hasła przedmiotowe: | |
| Etykiety: |
Dodaj etykietę
Nie ma etykietki, Dołącz pierwszą etykiete!
|
MARC
| LEADER | 00000cam a2200000 a 4500 | ||
|---|---|---|---|
| 001 | UCB0144 | ||
| 003 | CL-VaPUC | ||
| 005 | 20240625130844.0 | ||
| 008 | 191213e20190000cl spa d | ||
| 020 | |a 9789568467029 |c v.1 | ||
| 020 | |a 9789568467036 |c v.2 | ||
| 020 | |a 9789568467043 |c v.3 | ||
| 020 | |a 9789568467050 |c v.4 | ||
| 020 | |a 9789568467012 |c v.5 | ||
| 040 | |c Pontificia Universidad Católica de Valparaíso | ||
| 082 | 0 | 4 | |a 720 MON 2019 |2 21 |
| 100 | |a Monroy , Paula |e autora |9 604801 | ||
| 245 | 1 | 0 | |a XXI Bienal de Arquitectura y Urbanismo de Chile |
| 250 | |a 1a. ed | ||
| 260 | |a Santiago, Chile. |b Fundación Espacio y Desarrollo, |c 2019 | ||
| 300 | |a 5 volúmenes | ||
| 500 | |a v.1: lo común y lo corriente | ||
| 500 | |a v.2: discursos. Palabras e imágenes | ||
| 500 | |a v.3: proyectos. Prácticas e ideas | ||
| 500 | |a v.4: obras. Construyendo para las personas | ||
| 500 | |a v.5: carpeta de obras | ||
| 505 | |a v.1: lo común y lo corriente v. 2 Discursos e imágenes v.3: proyectos. Prácticas e ideas v.4: obras. Construyendo para las personas v.5: carpeta de obras | ||
| 583 | |a last modification |c 20191213 11:48:00 |k cmena | ||
| 650 | 0 | 0 | |a Arquitectura contemporánea |9 367350 |
| 650 | 0 | 0 | |a Bienal |2 CL-VaPUC |9 557313 |
| 700 | 1 | |a Coeffé, Beatriz |e author |9 605469 | |
| 942 | |c BK |2 ddc | ||
| 945 | |a dcastane |d 20191213 11:48:00 | ||
| 999 | |c 375837 |d 375835 | ||
| 952 | |0 0 |1 0 |2 ddc |4 0 |6 720_000000000000000_MON_2019 |7 0 |8 A |9 494903 |a BIBARQ |b BIBARQ |d 2019-12-06 |e 81 |g 3000.00 |h v.1 |i 5567041 |l 3 |o 720 MON 2019 |p 5567041 |r 2025-01-20 |s 2023-03-17 |t 1 |v 3000.00 |w 2019-12-06 |y BK | ||
| 952 | |0 0 |1 0 |2 ddc |4 0 |6 720_000000000000000_MON_2019 |7 0 |8 A |9 494904 |a BIBARQ |b BIBARQ |d 2019-12-06 |e 81 |g 3000.00 |h v.2 |i 556705K |o 720 MON 2019 |p 556705K |r 2025-01-20 |t 1 |v 3000.00 |w 2019-12-06 |y BK | ||
| 952 | |0 0 |1 0 |2 ddc |4 0 |6 720_000000000000000_MON_2019 |7 0 |8 A |9 494905 |a BIBARQ |b BIBARQ |d 2019-12-06 |e 81 |g 3000.00 |h v.3 |i 5567068 |l 1 |o 720 MON 2019 |p 5567068 |r 2025-01-20 |s 2023-03-17 |t 1 |v 3000.00 |w 2019-12-06 |y BK | ||
| 952 | |0 0 |1 0 |2 ddc |4 0 |6 720_000000000000000_MON_2019 |7 0 |8 A |9 494906 |a BIBARQ |b BIBARQ |d 2019-12-06 |e 81 |g 3000.00 |h v.4 |i 5567076 |o 720 MON 2019 |p 5567076 |r 2025-01-20 |t 1 |v 3000.00 |w 2019-12-06 |y BK | ||
| 952 | |0 0 |1 0 |2 ddc |4 0 |6 720_000000000000000_MON_2019 |7 0 |8 A |9 494907 |a BIBARQ |b BIBARQ |d 2019-12-06 |e 81 |g 3000.00 |h v.5 |i 5567084 |o 720 MON 2019 |p 5567084 |r 2025-01-20 |t 1 |v 3000.00 |w 2019-12-06 |y BK | ||